000 01487naa a22003497a 4500
001 BR8705305
003 BR-BrBNA
005 20250721154519.0
007 ta
008 250630b bl.|||m| |||| 00| 0 por d
040 _aBR-BrBNA
_bpor
_cBiblioteca Nacional de Agricultura
041 _a(Pt)
072 _aF04; F02
_b0150
_b3820
090 _aF04 BR8705305
100 1 _aDias, A.D.
100 1 _aMachado, M.O.
100 1 _aTerres, A.L.S.
100 1 _aInfeld, J.A.
111 1 _a14. Reuniao da Cultura do Arroz Irrigado
_cPelotas, RS (Brazil)
_d1-4 Oct 1985
245 1 _aEfeito de doses e epocas de aplicacao de nitrogenio em duas cultivares de arroz irrigado, em diferentes epocas de semeadura
246 1 _a[Effect of doses and periods of nitrogen application in two irrigated rice cultivars, in diferent sowing periods]
246 1 _a[Annals of the 14. Meeting of Irrigated Rice]
500 _aAnais da 14. Reuniao da Cultura do Arroz Irrigado Pelotas, RS (Brasil): 1985. p. 209-218 [4 tables; 8 ref.] (BR8705305-AMS)
773 0 _tAnais da 14. Reuniao da Cultura do Arroz Irrigado
_wF04 BR8705305
_gPelotas, RS (Brasil), 1985. p. 209-218
650 _aARROZ IRRIGADO
650 _aFERTILIZANTE NITROGENADO
650 _aSEMEADURA
650 _aRIO GRANDE DO SUL
490 _aDocumentos - Centro de Pesquisa Agropecuaria de Terras Baixas de Clima Temperado (Brazil)
_vno. 26
_xISSN 0101-9708
942 _cAMS
_2AGRIS
909 _a202506
_bLúcia
_c55
_dLúcia Elande
999 _c335272
_d335272